| 000 | 00591nam a2200181Ia 4500 | ||
|---|---|---|---|
| 008 | 090630s9999 xx 000 0 und d | ||
| 082 | _b10971 | ||
| 100 | _aदेवधर ज्योत्स्ना. | ||
| 245 |
_aसमास. _cदेवधर ज्योत्स्ना. |
||
| 260 |
_bमॅजेस्टीक. _c1990 |
||
| 300 | _a163 | ||
| 600 | _aदेवधर ज्योत्स्ना. | ||
| 630 | _aसमास. | ||
| 655 | _aलघुकथा. | ||
| 700 | _aदेवधर ज्योत्स्ना. | ||
| 730 | _aसमास. | ||
| 942 | _cBOOK | ||
| 999 |
_c262827 _d262827 |
||